000 00325nam a2200133Ia 4500
008 231017s9999 xx 000 0 und d
082 _a624.176
082 _bBSI
245 0 _aLoading for Buildings Part 1: Code of Practice for Dead and Imposed Loads
245 0 _cBSI
260 _bBSI
300 _c30cm
942 _cREP
999 _c603838
_d603838